<?xml version="1.0" encoding="UTF-8"?>
<marc:record xmlns:marc="http://www.loc.gov/MARC21/slim">
   <marc:leader>00000nam a2200000 a 4500</marc:leader>
   <marc:datafield ind1="1" ind2=" " tag="100">
      <marc:subfield code="a">Legrand, Claire</marc:subfield>
      <marc:subfield code="4">aut</marc:subfield>
      <marc:subfield code="e">Verfasser/-in</marc:subfield>
   </marc:datafield>
   <marc:datafield ind1="0" ind2="0" tag="245">
      <marc:subfield code="a">Das Haus der verschwundenen Kinder</marc:subfield>
   </marc:datafield>
   <marc:datafield ind1="0" ind2="0" tag="245">
      <marc:subfield code="b">Roman</marc:subfield>
   </marc:datafield>
   <marc:datafield ind1=" " ind2="1" tag="264">
      <marc:subfield code="b">Heyne</marc:subfield>
      <marc:subfield code="c">2014</marc:subfield>
   </marc:datafield>
   <marc:datafield ind1="1" ind2=" " tag="520">
      <marc:subfield code="a">Ein Waisenhaus, grotesk lächelnde Menschen, überall Schaben à Belleville ist aus dem Stoff, aus dem Horrorfilme gemacht sind. Victoria gefällt es in der Stadt trotzdem. Beunruhigend ist nur, dass ihr Freund plötzlich verschwindet. Alarmierend, dass es niemanden zu kümmern scheint. Und absolut katastrophal, dass Victoria einen Zweier in Musik bekommt. Mehr pikiert als mutig macht sich das Mädchen auf, um Ordnung herzustellen. Eine Heldin wird sie trotz aller Gefahren nicht. Zu ichbezogen ist der Charakter, um ihn bewundern zu können - aber gerade richtig neugierig, um ihm gerne zu folgen. Charmanter Grusel mit bitterbösem Ende. *STUBE*</marc:subfield>
   </marc:datafield>
   <marc:datafield ind1=" " ind2=" " tag="020">
      <marc:subfield code="a">9783453267787</marc:subfield>
      <marc:subfield code="9">9783453267787</marc:subfield>
   </marc:datafield>
</marc:record>
